000 00379cam a22001217a 4500
008 180718b1979 xxu||||| |||| 00| 0 eng d
082 _aA81x54 In2/71/15/Pt2D
100 _aCensus of India 1971
245 _aNagaland: migration tables
260 _aDelhi
_bThe Controller of Publications
_c1979
300 _a145+p.
440 _aCensus of India 1971. Series-15, Nagaland. Part II-D
999 _c485465
_d485465